1082 1036 1787 1508 1483 1490 1076 1718 1406 1500 1676 1338 1377 1633 1841 1211 1904 1324 1903 1525 1691 1292 1762 1155 1079 1783 1150 1378 1732 1635 1147 1494 1094 1740 1650 1383 1280 1109 1686 1211 1920 1520 1114 1597 1909 1418 1078 1106 1731 1170 1111 1723 1229 1434 1096 1681 1640 1084 1098 1601 1913 1063 1932 1164 1015 1044 1889 1518 1598 1033 1598 1710 1915 1992 1475 1019 1612 1380 1252 1207 1880 1393 1018 1887 1865 1311 1633 1700 1815 1560 1285 1679 1663 1441 1603 1181 1901 1251 1487 BCNSPRNW ULIB Ver.6.0+V

เปลี่ยนเป็นภาษาไทย

Change to English
 แสดงรายละเอียดบรรณานุกรม
  กลับหน้าหลัก

Brief Record : Get Marc (ISO 2709) : E-mail record : QR code < ปิดหน้าต่าง
LEADER : 00000nam 2200000uu 4500
001    13399114999
003     ULIB
008    120627s2552||||th 000 0 tha d
020    ^a9786110600064
090    ^aนว.^bA111จ 2552
100 0  ^aAndra
245 00 ^aหนึ่งจันทร์กลางใจ/^cAndra
250    ^aพิมพ์ครั้งที่ 2
260    ^aกรุงเทพฯ :^cแจ่มใส,^c2552
300    ^a359 หน้า
945    ^p15771^l0^i15771
995    ^aกัณชพร
999    ^aใช้งานได้ทุกระบบ
รายการนี้ยังไม่มีแท็ก
คุณยังไม่ได้ล็อกอิน คุณสามารถมีกิจกรรมร่วมกับเว็บไซต์ได้ แต่ต้องล็อกอินก่อน ::
  ล็อกอิน

รายการสื่อสารสนเทศ

ลำดับที่ ประเภท เลขเรียก/บาร์โค้ด สถานที่ สถานะ
1. นวนิยาย
นวนิยาย
นว. A111จ 2552  
  Barcode: 15771
ห้องสมุดวิทยาเขตสวรรค์ประชารักษ์
►นวนิยาย
บนชั้น
  ขอยืม

รายการใกล้เคียง
    ผู้แต่ง [Andra]

BibComment


ยังไม่เคยถูกคอมเมนท์

คอมเมนท์ทรัพยากรรายการนี้
  คอมเมนท์: หนึ่งจันทร์กลางใ..


 Copyright 2026. Bcnsprnw @Library